LEADER 00908nam0-22003251i-450- 001 990003210840403321 010 $a0-333-16907-7 035 $a000321084 035 $aFED01000321084 035 $a(Aleph)000321084FED01 035 $a000321084 100 $a20000920d1978----km-y0itay50------ba 101 0 $aita 102 $aIT 200 1 $aStudies in the Russian Economy before 1914$fOlga Crisp. 210 $aLondon$aBSSingstoke$cMacmillan$d1978. 215 $ax, 278 p.$d22 cm 225 1 $aStudies in Russian and East European History 610 0 $aRussia$aStoria economica$a1700-1917 676 $aE/4.3 676 $aF/1.7 702 1$aCrisp,$bOlga 801 0$aIT$bUNINA$gRICA$2UNIMARC 901 $aBK 912 $a990003210840403321 952 $aE/4.3 CRI$b4827$fSES 959 $aSES 996 $aStudies in the Russian Economy before 1914$9454164 997 $aUNINA DB $aING01 LEADER 01496nam a2200337 i 4500 001 991000741379707536 005 20020507173006.0 008 950111s1950 it ||| | ita 035 $ab10750927-39ule_inst 035 $aLE01301600$9ExL 040 $aDip.to Matematica$beng 082 0 $a510 084 $aLC QA37 084 $aAMS 00A 084 $aAMS 00A05 100 1 $aCourant, Richard$0331066 245 10$aChe cos'è la matematica? :$bintroduzione elementare ai suoi concetti e metodi /$cRichard Courant e Herbert Robbins ; [traduzione di Liliana Ragusa Gilli] 260 $aTorino :$bBoringhieri,$c1950 300 $a752 p. ;$c22 cm 490 0 $aBiblioteca di cultura scientifica ;$v25 500 $aTit. orig.: What is mathematics? An elementary approach to ideas and methods. - New York : Oxford University Press, 1941 650 4$aGeneral Mathematics 700 1 $aRobbins, Herbert$eauthor$4http://id.loc.gov/vocabulary/relators/aut$0535 700 1 $aRagusa Gilli, Liliana 907 $a.b10750927$b11-01-21$c28-06-02 912 $a991000741379707536 945 $aLE013 00A COU11 (1950:BORINGHIERI)$g1$i2013000019048$lle013$o-$pE0.00$q-$rn$s- $t1$u11$v0$w11$x0$y.i10843887$z28-06-02 945 $aLE006 Fondo Polezzo 058$cEx libris Stefano Polezzo$g1$i2006000184663$lle006$og$pE11.85$q-$rl$s- $t0$u0$v0$w0$x0$y.i15944761$z11-01-21 996 $aChe cos'è la matematica$977709 997 $aUNISALENTO 998 $ale013$ale006$b02-04-20$cm$da $e-$fita$git $h0$i1